| 000 | 00485nam a22001697a 4500 | ||
|---|---|---|---|
| 999 |
_c12786 _d12786 |
||
| 008 | 250529b 2006 ||||| |||| 00| 0 eng d | ||
| 020 | _a1856093220 | ||
| 082 |
_a387.5 _bWIT |
||
| 110 | _aA Witherby Seamanship Publication | ||
| 245 | _aPassage planning principles | ||
| 260 |
_aLondon _bA Witherby Seamanship Publication _c2006 |
||
| 300 | _aviii, 60p. | ||
| 650 | _aPassage Planning with ECDIS | ||
| 650 | _aPlanning Toolbox | ||
| 650 | _aMonitoring Techniques | ||
| 942 | _cBK | ||